Statistics for random food

Click here to take the quiz!

General Stats

  • This quiz has been taken 10 times
  • The average score is 4 of 15

Answer Stats

food% Correct
2.apple
75%
13.pizza
63%
1.lasagna
38%
6.potato
38%
3.cake
25%
5.eggplant
25%
4.lobster
25%
7.sandwich
25%
15.spider
25%
8.tomato
25%
12.apple pie
13%
14.cod
13%
9.feta
13%
11.fruit
13%
10.pickles
13%

Score Distribution

Percentile by Number Answered

Percent of People with Each Score

Your Score History

You have not taken this quiz